01725nam a2200445 i 450000100060000000300080000600500170001400600190003100700150005000800410006502000180010602000270012403500230015103500240017403500250019803500210022304000310024405000220027508000140029708200140031110000200032524501380034526400580048330000580054133600310059933700330063033800430066349000310070650001380073758801240087565000270099965000130102665000160103965500270105570000380108270000350112070000300115583000320118585600620121784841FlNmELB20241217171336.0m o d | cr cnu||||||||160610s2014 mx a o 000 0 spa d z9786071619693 a9786071620934 (e book) a(MiAaPQ)EBC4507757 a(Au-PeEL)EBL4507757 a(CaPaEBR)ebr11205226 a(OCoLC)984805822 aFINmELBbspaerdacFINmELB 4aPT2206bD624 2014 a001(0:82)0 a831.62231 aDjerassi, Carl.10aCiencia en teatro :bcuatro obras /cCarl Djerassi ; traducción Jorge F. Hernández y Ágata Baizán ; revisión Dennis Peña. 1aMéxico, D.F :bFondo de Cultura Económica,c2014. a1 recurso en línea (355 páginas) :bilustraciones atextobtxt2rdacontent/spa acomputadorabc2rdamedia/spa arecurso en líneabcr2rdacarrier/spa1 aColección popular ;v718 aTraducción de: Chemistry in theatre : insufficiency, phallacy or both y sex in an age technological reproduction : ICSI and taboos. aDescripción basada en recurso en línea; Título de la página del título en PDF (e-libro, visto June 10, 2016). 0aScience in literature. 4aCiencia. 4aLiteratura. 4aLibros electrónicos.1 aHernández, Jorge F,etraductor.1 aBaizán, Ágata,etraductor.1 aPeña, Dennis,erevisor. 0aColección popular ;v718.40uhttps://elibro.net/ereader/politecnicointernacional/37732